Жизнь и страдания св. великомученицы Екатерины, девы премудрой

RUSMARC
00005336cac2a2200000 x 450
0011d5d7eaa-79cd-4072-8b3d-7fffb85b5171
00520160519114950.0
100##$a20160215l19121912k l0rusy0189 ca
1010#$arus
102##$aRU
2001#$aЖизнь и страдания св. великомученицы Екатерины, девы премудрой
$e(составлено по Четьи-Минеям св. Дмитрия Ростовского. Ноября 24 дня)
251##$cДело
2101#$aМосква
$cТипография Т-ва И. Д. Сытина
$d1912
801#0$aRU
$bРГИА
$c20160215
$gRCR
801#1$aRU
$bГлавНИВЦ
$c20160215
$2rusmarc
801#2$aRU
$bПБ им. Б.Н. Ельцина
$c20160328
$gRCR
$2rusmarc
850##$aРГИА
852##$aРГИА
$eФедеральное казенное учреждение "Российский государственный исторический архив" (РГИА)
$j5156
937##$hРГИА
$d12201237
$aASBIBLIO_SCAN
215##$a33 с.
$cил.
$d18х12 см
105##$aa###
1222#$ad
461#0$10012640edd5-2044-417d-b282-4ec02c959e00
$12001
$aДублетный фонд НСБ
$1251
$cФонд
$1852
$j0
462#0$100101f3c915-c163-4bd9-8823-fd1c871481a4
$12001
$aДублетный фонд Библиотеки
$vД. 5156
$1251
$cОпись
$1852
$j1
$lД
035##$a1d5d7eaa-79cd-4072-8b3d-7fffb85b5171
600#0$2nlr_sh
$3RU\NLR\AUTH\661387166
$aЕкатерина Александрийская
$cсвятая
$f- ок. 307
605##$2acquisition_Prlib
$3DITM\AF\0000003834
$aНарод
$lколлекция
605##$2acquisition_prlib
$3LIBNET\UAF\0000061920
$aСинод в истории российской государственности
$lколлекция
6061#$2nlr_sh
$3RU\NLR\AUTH\6613804
$aЖития святых
686##$2rubbk
$a86.372.24-43
$vLBC/M
686##$2rubbk
$a86.372.24-574.3
$vLBC/M
300##$aЗаглавие обложки: Житие и страдание святой великомученицы Екатерины
5121#$aЖитие и страдание святой великомученицы Екатерины
53212$aЗагл. обл.: Житие и страдание святой великомученицы Екатерины, девы премудрой
8564#$uhttp://www.prlib.ru/Lib/pages/item.aspx?itemid=138273
Формат отображения